000 00927cam a22002654a 4500
999 _c66
_d66
001 15196276
003 GZU
005 20200630155758.0
008 080227s2007 enk b 001 0 eng
010 _a 2008271551
020 _a9780195689105 (pbk.)
020 _a0195689100 (pbk.)
040 _aDLC
_cDLC
050 0 0 _aHF5549.15
_bBHA 2007
100 1 _aBhattacharyya, Dipak Kumar.
_eauthor
245 1 0 _aHuman resource research methods /
_cDipak Kumar Bhattacharyya.
260 _aOxford ;
_aNew York :
_bOxford University Press,
_c2007.
300 _axiv, 521 p. ;
_c24 cm.
500 _aIncludes bibliographical references and index.
504 _aIncludes bibliographical references and index.
650 0 _aPersonnel management
_xResearch
_xMethodology.
906 _a7
_bcbc
_corignew
_d3
_encip
_f20
_gy-gencatlg
942 _2lcc
_cBK
_h5549.15
_iBHA
_kHF